[Event "Mittelfranken EM 2022"]
[Site "Nuernberg"]
[Date "2022.04.15"]
[Round "2.11"]
[White "Seibold, Hubert"]
[Black "Trossmann, Max"]
[Result "1-0"]
[WhiteElo "2099"]
[BlackElo "1390"]
[PlyCount "57"]
[EventDate "2021.??.??"]
[WhiteTeam "SK Zirndorf"]
[BlackTeam "SC Ansbach"]

1. e4 e5 2. f4 Qf6 3. Nf3 Qxf4 4. Nc3 Bb4 5. g3 Qf6 6. Nd5 Qd6 7. c3 Ba5 8. Ne3
Nc6 9. Bc4 Nh6 10. Bd5 b5 11. a4 b4 12. Nc4 Qc5 13. d4 bxc3 14. dxc5 c2+ 15.
Nxa5 cxd1=Q+ 16. Kxd1 Ng4 17. Nxc6 Nf2+ 18. Kc2 Nxh1 19. Be3 Nxg3 20. hxg3 Bb7
21. Ncxe5 Bxd5 22. exd5 f6 23. Nc4 Kf7 24. Bf4 Rac8 25. Rf1 Kg6 26. Re1 Rhd8
27. Re7 c6 28. d6 h6 29. Nh4+ 1-0

[Event "Mittelfranken EM 2022"]
[Site "Nuernberg"]
[Date "2022.04.15"]
[Round "2.12"]
[White "Dajakaj, Kastriot"]
[Black "Bruss, Robert"]
[Result "0-1"]
[WhiteElo "1656"]
[BlackElo "1825"]
[PlyCount "90"]
[EventDate "2021.??.??"]
[WhiteTeam "SG Buechenbach/Roth"]
[BlackTeam "SG Fuerth"]

1. d4 Nf6 2. c4 e6 3. Nc3 Bb4 4. Bg5 h6 5. Bh4 b6 6. Nf3 Bb7 7. e3 c5 8. Bd3 d6
9. O-O Nbd7 10. Bg3 Qe7 11. Nb5 O-O 12. Bxd6 Qd8 13. Bxf8 Qxf8 14. a3 Ba5 15.
Qe2 g5 16. Nd2 h5 17. Nb3 Kh8 18. Nxa5 bxa5 19. d5 exd5 20. cxd5 a6 21. Nc3 Qg7
22. e4 Ne5 23. Bc2 g4 24. Nd1 Re8 25. Ne3 Qg5 26. Kh1 Qf4 27. g3 Qg5 28. Nf5
Qxf5 29. exf5 Bxd5+ 30. Kg1 Nf3+ 31. Qxf3 gxf3 32. Rfe1 Rb8 33. Re3 Rxb2 34.
Bd1 Ng4 35. Rc3 Rxf2 36. Rc2 Rxc2 37. Bxc2 f2+ 38. Kf1 Bc4+ 39. Kg2 f1=Q+ 40.
Rxf1 Bxf1+ 41. Kf3 Kg7 42. Ke4 Bg2+ 43. Kd3 Ne5+ 44. Kc3 Kf6 45. Kb3 Bc6 0-1

[Event "Mittelfranken EM 2022"]
[Site "Nuernberg"]
[Date "2022.04.15"]
[Round "2.13"]
[White "Suess, Helmut"]
[Black "Albayrak, Aylin"]
[Result "0-1"]
[WhiteElo "1815"]
[BlackElo "1648"]
[PlyCount "76"]
[EventDate "2021.??.??"]
[WhiteTeam "SC NT Nuernberg"]
[BlackTeam "SC NT Nuernberg"]

1. d4 Nf6 2. Bf4 g6 3. Nc3 Bg7 4. e4 d6 5. Nf3 O-O 6. Qd2 Re8 7. O-O-O b6 8.
Kb1 Bb7 9. d5 Nbd7 10. Bb5 a6 11. Bxd7 Qxd7 12. h4 b5 13. Qd3 b4 14. Ne2 a5 15.
Nd2 Ba6 16. Qe3 c6 17. dxc6 Qxc6 18. Nd4 Qb7 19. Ne2 Rec8 20. Rc1 Nd7 21. f3 a4
22. Rhe1 a3 23. bxa3 bxa3+ 24. Nb3 Nc5 25. e5 Bc4 26. Rcd1 Na4 27. Rd2 Bxe2 28.
Rdxe2 Nc3+ 29. Ka1 Nxe2 30. Rxe2 Rc7 31. Kb1 Rac8 32. exd6 exd6 33. Bxd6 Rd7
34. Bxa3 Rd1+ 35. Bc1 Qc6 36. Rd2 Rh1 37. Re2 Qf6 38. f4 Qb2# 0-1

[Event "Mittelfranken EM 2022"]
[Site "Nuernberg"]
[Date "2022.04.15"]
[Round "2.14"]
[White "Schalaev, Seryozka"]
[Black "Dyroff, Roland"]
[Result "1/2-1/2"]
[WhiteElo "1599"]
[BlackElo "1802"]
[PlyCount "85"]
[EventDate "2021.??.??"]
[WhiteTeam "SC JAEKLECHEMIE"]
[BlackTeam "SW Nuernberg Sued"]

1. d4 Nf6 2. Bf4 g6 3. Nd2 Bg7 4. e4 c5 5. e5 Nd5 6. Be3 cxd4 7. Bxd4 d6 8.
Bb5+ Bd7 9. e6 Bxd4 10. exd7+ Nxd7 11. Nc4 Bxb2 12. Bxd7+ Qxd7 13. Nxb2 Qe6+
14. Qe2 Qf6 15. Qb5+ Kf8 16. Qxd5 Qxb2 17. Qd1 Rc8 18. Nf3 Qc3+ 19. Nd2 Qe5+
20. Kf1 Rxc2 21. Nf3 Qc5 22. Qd4 e5 23. Qxc5 Rxc5 24. Ke2 Rc2+ 25. Nd2 Ke7 26.
Rhb1 b6 27. Rc1 Rhc8 28. Rxc2 Rxc2 29. Kd3 Rc6 30. Re1 f5 31. f3 Ke6 32. Nb3
Kd5 33. Rc1 Rxc1 34. Nxc1 Kc5 35. Ne2 b5 36. Nc1 Kb4 37. Ne2 a5 38. Nc3 Kc5 39.
a3 b4 40. axb4+ axb4 41. Na4+ Kb5 42. Nb2 d5 43. f4 1/2-1/2

[Event "Mittelfranken EM 2022"]
[Site "Nuernberg"]
[Date "2022.04.15"]
[Round "2.15"]
[White "Wettermann, Bernd"]
[Black "Mishra, Sanyukt"]
[Result "1-0"]
[WhiteElo "1781"]
[BlackElo "1539"]
[PlyCount "115"]
[EventDate "2021.??.??"]
[WhiteTeam "Zabo-Eintr Nuernberg"]
[BlackTeam "SC NT Nuernberg"]

1. e4 c5 2. Nf3 d6 3. d4 cxd4 4. Nxd4 Nf6 5. Nc3 g6 6. Bc4 Bg7 7. O-O Nc6 8.
Bb3 O-O 9. Nxc6 bxc6 10. Bg5 Qa5 11. Bd2 Qe5 12. f3 Qd4+ 13. Kh1 Ba6 14. Re1
Qf2 15. Be3 Qh4 16. Qd2 Nh5 17. Bg5 Ng3+ 18. Kg1 Bd4+ 19. Qxd4 Qxg5 20. hxg3
Qxg3 21. Ne2 Qg5 22. c4 c5 23. Qc3 Bc8 24. Qc1 Qh4 25. Qf4 Qh5 26. Ng3 Qe5 27.
Qxe5 dxe5 28. Red1 Be6 29. Rd2 a5 30. a3 Rfd8 31. Rad1 Rd4 32. Ne2 Rxd2 33.
Rxd2 Rb8 34. Ba2 f6 35. Nc3 Kf7 36. Na4 Rc8 37. b3 Ke8 38. g4 Kf7 39. Kf2 Ke8
40. Ke3 Kf7 41. Bb1 g5 42. Bc2 Ke8 43. Kd3 Kd7 44. Nb6+ Kc6 45. Nxc8 Bxc8 46.
Kc3 Be6 47. Rd8 Bf7 48. Rb8 h5 49. gxh5 Bxh5 50. Bd1 f5 51. Kd2 fxe4 52. fxe4
g4 53. Ke3 Kc7 54. Rb5 a4 55. Rxc5+ Kd6 56. b4 e6 57. Rc8 Kd7 58. Rh8 1-0

[Event "Mittelfranken EM 2022"]
[Site "Nuernberg"]
[Date "2022.04.15"]
[Round "2.16"]
[White "Balhar, Michael"]
[Black "Majid, Hakim"]
[Result "1-0"]
[WhiteElo "1736"]
[BlackElo "1481"]
[PlyCount "73"]
[EventDate "2021.??.??"]
[WhiteTeam "SC Erlangen"]
[BlackTeam "SW Nuernberg Sued"]

1. e4 e5 2. Nf3 d6 3. d4 exd4 4. Nxd4 Be7 5. Nc3 Nf6 6. Be2 O-O 7. O-O c5 8.
Nb3 Nc6 9. f3 Ne5 10. f4 Ned7 11. Be3 Nb6 12. a4 Rb8 13. a5 Na8 14. Bf3 Nc7 15.
Qe2 Ne6 16. Rfd1 Qc7 17. Nb5 Qc6 18. e5 Ne4 19. Nxa7 Qa6 20. Qxa6 bxa6 21. Bxe4
dxe5 22. Nc6 Rb7 23. Nxe7+ Rxe7 24. fxe5 Rc7 25. Bd5 c4 26. Nd4 Nxd4 27. Bxd4
Bg4 28. Rd2 Rcc8 29. Bb7 Rb8 30. Bxa6 Be6 31. Bc5 Rfe8 32. c3 h6 33. Bd6 Rbd8
34. Rd4 Ra8 35. Bb7 Ra7 36. a6 Kh7 37. Bc5 1-0

[Event "Mittelfranken EM 2022"]
[Site "Nuernberg"]
[Date "2022.04.15"]
[Round "2.17"]
[White "Mankus, Siegfried"]
[Black "Weissmann, Peter"]
[Result "1/2-1/2"]
[WhiteElo "1536"]
[BlackElo "1707"]
[PlyCount "50"]
[EventDate "2021.??.??"]
[WhiteTeam "Zabo-Eintr Nuernberg"]
[BlackTeam "SG Fuerth"]

1. d4 Nf6 2. Nf3 e6 3. e3 b6 4. Bd3 Bb7 5. O-O d5 6. b3 Bd6 7. Bb2 O-O 8. Nbd2
Nbd7 9. Ne5 c5 10. Qe2 Qc7 11. f4 Ne4 12. Nxd7 Qxd7 13. dxc5 Nxd2 14. Qxd2 Bxc5
15. Bd4 Bxd4 16. exd4 f5 17. Rf3 Rf6 18. Re1 Qd6 19. Re5 Qa3 20. Rfe3 Qxa2 21.
Rxe6 Rxe6 22. Rxe6 Qa1+ 23. Qe1 Qxe1+ 24. Rxe1 g6 25. Re7 Bc6 1/2-1/2

[Event "Mittelfranken EM 2022"]
[Site "Nuernberg"]
[Date "2022.04.15"]
[Round "2.18"]
[White "Cordts, Elof"]
[Black "Oeztuerk, Dilara"]
[Result "1-0"]
[WhiteElo "1681"]
[BlackElo "794"]
[PlyCount "63"]
[EventDate "2021.??.??"]
[WhiteTeam "SC Erlangen"]
[BlackTeam "Zabo-Eintr Nuernberg"]

1. e4 e6 2. d4 d5 3. Nc3 Nf6 4. e5 Nfd7 5. Be3 c5 6. Nf3 Nc6 7. Ne2 Qb6 8. Rb1
cxd4 9. Nexd4 Bc5 10. c3 Ncxe5 11. Nxe5 Nxe5 12. b4 Be7 13. Nf5 Qc7 14. Nxe7
Qxe7 15. Bd4 f6 16. a4 O-O 17. Bc5 Qc7 18. Rc1 Rd8 19. Be2 Nc4 20. Bxc4 dxc4
21. Qf3 b6 22. Be3 Bb7 23. Qh3 Qe5 24. O-O Rd5 25. Rcd1 Rad8 26. Rxd5 Rxd5 27.
Qg3 Qxg3 28. hxg3 Rh5 29. Rd1 f5 30. Rd8+ Kf7 31. Rd7+ Kf6 32. Rxb7 1-0

[Event "Mittelfranken EM 2022"]
[Site "Nuernberg"]
[Date "2022.04.15"]
[Round "2.19"]
[White "Frenz, Joachim"]
[Black "Albayrak, Atilla"]
[Result "0-1"]
[WhiteElo "1550"]
[BlackElo "1673"]
[PlyCount "128"]
[EventDate "2021.??.??"]
[WhiteTeam "SC Stein"]
[BlackTeam "SC NT Nuernberg"]

1. d4 d5 2. c4 e6 3. cxd5 exd5 4. Nf3 Nf6 5. Bg5 Be7 6. e3 O-O 7. Bd3 Nbd7 8.
O-O c5 9. dxc5 Nxc5 10. Be2 Be6 11. Nc3 Nce4 12. Nxe4 dxe4 13. Nd4 Qb6 14. Nxe6
Qxe6 15. Bh4 Rfd8 16. Qe1 Rac8 17. b3 Rc2 18. Bc4 Qe5 19. Bg3 Qb2 20. Qa5 Qa3
21. Qxa3 Bxa3 22. h3 Rdd2 23. Rfd1 Kf8 24. Rxd2 Rxd2 25. Kf1 Nd7 26. Ke1 Bb4
27. Kf1 Nb6 28. Be2 Nd5 29. Bc4 Nc3 30. a4 Ke7 31. Be5 f6 32. Bd4 b6 33. Rc1
Na2 34. Ra1 Kd6 35. g4 Bc5 36. Bxc5+ Kxc5 37. Ke1 Rc2 38. Bg8 h6 39. Bh7 Rc1+
40. Rxc1+ Nxc1 41. Bxe4 Nxb3 42. Kd1 Kb4 43. Bc6 Nc5 44. Kc2 Nxa4 45. f4 Nc5
46. e4 Ne6 47. Bd7 Nxf4 48. h4 Ng6 49. h5 Ne5 50. Be6 Kc5 51. Kb3 b5 52. Bd5
Nxg4 53. Be6 Ne5 54. Bd5 a5 55. Be6 a4+ 56. Ka3 Nc4+ 57. Ka2 b4 58. Ka1 b3 59.
Bd5 a3 60. Bf7 Kd4 61. Bd5 Kc3 62. Bf7 Ne3 63. Be6 Nc2+ 64. Kb1 a2+ 0-1

[Event "Mittelfranken EM 2022"]
[Site "Nuernberg"]
[Date "2022.04.15"]
[Round "3.1"]
[White "Erlbeck, Peter"]
[Black "Yelisieiev, Yevhenii"]
[Result "0-1"]
[WhiteElo "2034"]
[BlackElo "2408"]
[PlyCount "52"]
[EventDate "2022.??.??"]
[WhiteTeam "SW Nuernberg Sued"]
[BlackTeam "SC NT Nuernberg"]

1. e4 d6 2. d4 Nf6 3. Nc3 e5 4. Nf3 Nbd7 5. g3 c6 6. Bg2 b5 7. a3 Bb7 8. O-O g6
9. Qe2 Bg7 10. Bg5 a6 11. Rad1 Qc7 12. Qd3 h6 13. Bc1 O-O 14. b4 Rfe8 15. dxe5
dxe5 16. Qd6 Qxd6 17. Rxd6 Bf8 18. Rd3 c5 19. Nh4 cxb4 20. axb4 Kg7 21. Na2 Nb6
22. f3 Bc8 23. c3 Be6 24. Rd2 Red8 25. Rfd1 Be7 26. Kf2 Bxa2 0-1

[Event "Mittelfranken EM 2022"]
[Site "Nuernberg"]
[Date "2022.04.15"]
[Round "3.2"]
[White "Albert, Markus"]
[Black "Ammon, Tobias"]
[Result "0-1"]
[WhiteElo "2007"]
[BlackElo "2196"]
[PlyCount "72"]
[EventDate "2022.??.??"]
[WhiteTeam "SC Ansbach"]
[BlackTeam "SV Altensittenbach"]

1. Nc3 d5 2. e4 c6 3. Qf3 e5 4. exd5 Nf6 5. Bc4 e4 6. Qe2 cxd5 7. Bb5+ Nc6 8.
d3 Bb4 9. Bd2 O-O 10. Bxc6 bxc6 11. d4 Re8 12. Be3 Rb8 13. Qd2 Bd6 14. Rb1 Ng4
15. h3 Nxe3 16. Qxe3 f5 17. Nge2 Ba6 18. f4 exf3 19. Qxf3 Qh4+ 20. Kd1 f4 21.
Rf1 Re3 22. Qf2 Qh5 23. Kd2 Rbe8 24. Rbe1 g5 25. a3 Bc7 26. g3 fxg3 27. Qg2 Qh4
28. Rf3 Bf4 29. Rxe3 Bxe3+ 30. Kd1 Bf2 31. Rf1 Qh5 32. Rxf2 gxf2 33. Qxf2 Qxh3
34. Kd2 Qg4 35. Ng1 Kg7 36. Qh2 Qxd4+ 0-1

[Event "Mittelfranken EM 2022"]
[Site "Nuernberg"]
[Date "2022.04.15"]
[Round "3.3"]
[White "Redzepovic, Irfan"]
[Black "Schoene, Steffen"]
[Result "1-0"]
[WhiteElo "2079"]
[BlackElo "1844"]
[PlyCount "72"]
[EventDate "2022.??.??"]
[WhiteTeam "SW Nuernberg Sued"]
[BlackTeam "Zabo-Eintr Nuernberg"]

1. d4 Nf6 2. Nf3 g6 3. c4 Bg7 4. Nc3 O-O 5. e4 d6 6. Be2 e5 7. O-O Nc6 8. d5
Ne7 9. Ne1 Ne8 10. Nd3 f5 11. f3 f4 12. b4 g5 13. c5 b6 14. a4 h5 15. a5 bxc5
16. bxc5 Rb8 17. Ba3 Nf6 18. Rb1 Rxb1 19. Qxb1 g4 20. cxd6 cxd6 21. Nb5 gxf3
22. Bxf3 Nexd5 23. exd5 e4 24. Nxf4 exf3 25. Rxf3 Ng4 26. Bxd6 Re8 27. Bc7 Qh4
28. Nd3 a6 29. Bg3 Qd8 30. Nd6 Re2 31. Nf4 Rd2 32. Qg6 Rd1+ 33. Rf1 Qxd6 34.
Rxd1 Qc5+ 35. Kh1 Nf2+ 36. Bxf2 Qxf2 1-0

[Event "Mittelfranken EM 2022"]
[Site "Nuernberg"]
[Date "2022.04.15"]
[Round "3.4"]
[White "Blumenthal, Benjamin"]
[Black "Kocak, Ediz"]
[Result "0-1"]
[WhiteElo "1753"]
[BlackElo "2053"]
[PlyCount "76"]
[EventDate "2022.??.??"]
[WhiteTeam "SC NT Nuernberg"]
[BlackTeam "SG Fuerth"]

1. c4 e6 2. Nc3 d5 3. d4 Be7 4. Nf3 Nf6 5. Bf4 O-O 6. e3 Nbd7 7. Bd3 dxc4 8.
Bxc4 c5 9. Bg3 a6 10. a4 b6 11. d5 exd5 12. Nxd5 Nxd5 13. Qxd5 Ra7 14. Rd1 b5
15. axb5 axb5 16. Be2 Qb6 17. O-O Nf6 18. Qe5 Re8 19. Rd2 Bb7 20. Rfd1 h6 21.
Nh4 Bf8 22. Qc7 Qxc7 23. Bxc7 Bc6 24. Bd6 Ne4 25. Bxf8 Kxf8 26. Rc2 c4 27. Nf5
Nc5 28. Nd4 Be4 29. Rcd2 Ra5 30. b4 cxb3 31. Nxb5 Bc2 32. Rf1 Ne4 33. Rd7 Re7
34. Rd8+ Re8 35. Rd7 Rc8 36. Nd4 b2 37. Nxc2 Rxc2 38. Rd8+ Ke7 0-1

[Event "Mittelfranken EM 2022"]
[Site "Nuernberg"]
[Date "2022.04.15"]
[Round "3.5"]
[White "Wagner, Florian"]
[Black "Mueller, Christian"]
[Result "1-0"]
[WhiteElo "2208"]
[BlackElo "1948"]
[PlyCount "59"]
[EventDate "2022.??.??"]
[WhiteTeam "SC NT Nuernberg"]
[BlackTeam "SW Nuernberg Sued"]

1. c4 c5 2. Nf3 Nf6 3. d4 cxd4 4. Nxd4 Nc6 5. Nc3 g6 6. Nc2 Bg7 7. e4 d6 8. Be2
O-O 9. Be3 Be6 10. f3 Rc8 11. Nd5 Re8 12. O-O b6 13. Qd2 Ne5 14. b3 Bd7 15. a4
Nxd5 16. exd5 Qc7 17. h3 f5 18. Nd4 Nf7 19. f4 e5 20. dxe6 Bxe6 21. Bf3 Bd7 22.
Bf2 Nd8 23. Rae1 Nc6 24. Nb5 Qb8 25. Qd5+ Kh8 26. Nxd6 Rxe1 27. Nf7+ Kg8 28.
Nh6+ Kh8 29. Qg8+ Rxg8 30. Nf7# 1-0

[Event "Mittelfranken EM 2022"]
[Site "Nuernberg"]
[Date "2022.04.15"]
[Round "3.6"]
[White "Willim, Michael"]
[Black "Zeltner, Ottmar"]
[Result "1/2-1/2"]
[WhiteElo "2106"]
[BlackElo "1983"]
[PlyCount "68"]
[EventDate "2022.??.??"]
[WhiteTeam "SC Erlangen"]
[BlackTeam "SK Rothenburg"]

1. d4 g6 2. c4 Bg7 3. e4 d6 4. Nc3 Nc6 5. d5 Nd4 6. Be3 c5 7. Nge2 Qb6 8. Na4
Qa5+ 9. Bd2 Qa6 10. Bc3 Bd7 11. b3 Bxa4 12. bxa4 Nf6 13. Nxd4 Nxe4 14. Nb5
Bxc3+ 15. Ke2 Ba5 16. Qc2 Nc3+ 17. Kf3 Nxb5 18. axb5 Qb6 19. g3 O-O 20. h4 Qd8
21. h5 e6 22. Qb2 Qg5 23. Rd1 Bd8 24. dxe6 fxe6+ 25. Kg2 Bf6 26. Qc2 Bd4 27.
Rd2 Qg4 28. Qd3 Qf5 29. hxg6 hxg6 30. Rh4 e5 31. Qe4 Qxe4+ 32. Rxe4 Rf6 33. Bd3
Raf8 34. Ree2 g5 1/2-1/2

[Event "Mittelfranken EM 2022"]
[Site "Nuernberg"]
[Date "2022.04.15"]
[Round "3.7"]
[White "Bruss, Robert"]
[Black "Seibold, Hubert"]
[Result "0-1"]
[WhiteElo "1825"]
[BlackElo "2099"]
[PlyCount "168"]
[EventDate "2022.??.??"]
[WhiteTeam "SG Fuerth"]
[BlackTeam "SK Zirndorf"]

1. d4 d5 2. c4 c6 3. Nc3 Nf6 4. e3 Bf5 5. cxd5 cxd5 6. Qb3 Bc8 7. Nf3 e6 8. Bd3
Nc6 9. O-O Bd6 10. e4 dxe4 11. Nxe4 Be7 12. Bg5 h6 13. Bxf6 Bxf6 14. Nxf6+ Qxf6
15. d5 exd5 16. Rfe1+ Ne7 17. Qb5+ Kf8 18. Ne5 Qd6 19. Rac1 g6 20. Qa4 Kg7 21.
Qd4 f6 22. Nf3 Nc6 23. Qc3 Be6 24. h4 Bf7 25. h5 g5 26. Qb3 Qb4 27. Qxb4 Nxb4
28. Bf5 Nc6 29. g4 Rad8 30. b4 a6 31. a4 Rhe8 32. b5 axb5 33. axb5 Rxe1+ 34.
Rxe1 Ne5 35. Nd4 Ra8 36. Rc1 Ra4 37. Ne6+ Bxe6 38. Bxe6 d4 39. Rc7+ Kf8 40. Rh7
d3 41. Rxb7 d2 42. Bb3 Rb4 43. Bc2 Nf3+ 44. Kf1 Nd4 45. Rd7 Ke8 46. Rd5 Nxc2
47. Rxd2 Na3 48. Ra2 Nxb5 49. f3 Nc7 50. Kf2 Kd7 51. Ra3 Kd6 52. Kg3 Ne6 53.
Kf2 Rb2+ 54. Ke3 Nc5 55. Ra7 Ke5 56. Re7+ Ne6 57. Re8 Rb3+ 58. Ke2 Kd5 59. Kf2
Nd4 60. Rh8 Rxf3+ 61. Kg2 Rf4 62. Kh3 Nf3 63. Rxh6 Ne5 64. Rh8 Nxg4 65. Kg3 Ke4
66. Ra8 Kf5 67. Ra5+ Ne5 68. Ra8 Rg4+ 69. Kf2 Rh4 70. Rh8 Kf4 71. h6 Rxh6 72.
Ra8 Rh2+ 73. Kf1 g4 74. Ra4+ Kg5 75. Ra3 f5 76. Re3 Kf6 77. Kg1 Rd2 78. Kf1 f4
79. Rb3 g3 80. Rb6+ Kf5 81. Rb3 Kg4 82. Rb5 Rd1+ 83. Ke2 f3+ 84. Ke3 f2 0-1

[Event "Mittelfranken EM 2022"]
[Site "Nuernberg"]
[Date "2022.04.15"]
[Round "3.8"]
[White "Wenke, Oldrich"]
[Black "Wettermann, Bernd"]
[Result "1-0"]
[WhiteElo "2048"]
[BlackElo "1781"]
[PlyCount "63"]
[EventDate "2022.??.??"]
[WhiteTeam "SG Buechenbach/Roth"]
[BlackTeam "Zabo-Eintr Nuernberg"]

1. e4 e5 2. Nf3 Nc6 3. Bc4 Nf6 4. d4 exd4 5. O-O d6 6. Nxd4 Nxd4 7. Qxd4 Be7 8.
Nc3 O-O 9. Bf4 Be6 10. Rad1 Ng4 11. Nd5 Bxd5 12. Qxd5 Bf6 13. Be2 Be5 14. Bxe5
Nxe5 15. b3 Rb8 16. f4 Nd7 17. e5 Nb6 18. Qf3 Qe7 19. exd6 cxd6 20. Bd3 Nd7 21.
Rfe1 Qf6 22. Qh3 Qh6 23. Qxd7 Qxf4 24. Rf1 Qb4 25. Bc4 Rbd8 26. Bxf7+ Kh8 27.
Qe7 Qc5+ 28. Kh1 Qc8 29. Be6 Rxf1+ 30. Rxf1 Re8 31. Bxc8 Rxe7 32. Rf8# 1-0

[Event "Mittelfranken EM 2022"]
[Site "Nuernberg"]
[Date "2022.04.15"]
[Round "3.9"]
[White "Hrebenshchykova, Yelyzaveta"]
[Black "Balhar, Michael"]
[Result "1-0"]
[WhiteElo "1973"]
[BlackElo "1736"]
[PlyCount "69"]
[EventDate "2022.??.??"]
[WhiteTeam "SC NT Nuernberg"]
[BlackTeam "SC Erlangen"]

1. e4 d6 2. d4 Nf6 3. Nc3 g6 4. Bg5 Bg7 5. Nf3 Bg4 6. h3 Bxf3 7. Qxf3 c6 8. Be2
Qa5 9. Be3 Nbd7 10. O-O O-O 11. a3 e5 12. Rad1 exd4 13. Bxd4 Ne5 14. Qg3 Qc7
15. f4 Ned7 16. Bf3 Rfe8 17. Rfe1 Rad8 18. Qh4 h6 19. Qf2 b6 20. Rd2 Nh7 21.
Bxg7 Kxg7 22. Qd4+ Ndf6 23. Rde2 Nf8 24. Qc4 b5 25. Nxb5 Qb6+ 26. Nd4 d5 27.
exd5 Rxe2 28. Rxe2 Nxd5 29. Bxd5 Rxd5 30. c3 Ne6 31. Re4 Qxb2 32. Nxe6+ fxe6
33. Rxe6 Rd1+ 34. Kh2 Rd2 35. Re7+ 1-0

[Event "Mittelfranken EM 2022"]
[Site "Nuernberg"]
[Date "2022.04.15"]
[Round "3.10"]
[White "Vennemann, Juergen"]
[Black "Friedrich, Michael"]
[Result "1-0"]
[WhiteElo "1897"]
[BlackElo "1684"]
[PlyCount "89"]
[EventDate "2022.??.??"]
[WhiteTeam "SC Hersbruck"]
[BlackTeam "SC Erlangen"]

1. e4 e5 2. Nf3 Nc6 3. d3 d5 4. Nbd2 Nf6 5. Be2 Bc5 6. O-O O-O 7. c3 Bb6 8. Qc2
Be6 9. b4 a6 10. a4 d4 11. Bb2 dxc3 12. Bxc3 Nd4 13. Nxd4 Bxd4 14. Bxd4 Qxd4
15. Rab1 Rac8 16. Nf3 Qd6 17. d4 Nd7 18. d5 Bg4 19. Nh4 Bxe2 20. Nf5 Qf6 21.
Qxe2 g6 22. Nh6+ Kh8 23. Rb3 Qf4 24. Rh3 Nf6 25. f3 Nh5 26. Ng4 Qg5 27. Qb2 f5
28. Qxe5+ Kg8 29. Qe6+ Kg7 30. Qd7+ Kh8 31. Ne5 Qf6 32. f4 fxe4 33. g4 Ng7 34.
d6 cxd6 35. g5 Qe6 36. Qxe6 Nxe6 37. Nxg6+ Kg7 38. Nxf8 Rxf8 39. Rh6 Nxf4 40.
Rxd6 Nh3+ 41. Kg2 Nf4+ 42. Kf2 Re8 43. Re1 Nh3+ 44. Ke3 Nxg5 45. Rg1 1-0

[Event "Mittelfranken EM 2022"]
[Site "Nuernberg"]
[Date "2022.04.15"]
[Round "3.11"]
[White "Albayrak, Atilla"]
[Black "Riexinger, Martin"]
[Result "0-1"]
[WhiteElo "1673"]
[BlackElo "1862"]
[PlyCount "92"]
[EventDate "2022.??.??"]
[WhiteTeam "SC NT Nuernberg"]
[BlackTeam "SW Nuernberg Sued"]

1. e4 g6 2. Nf3 Bg7 3. Nc3 d6 4. d4 a6 5. Be3 Nf6 6. Qd2 O-O 7. Bh6 b5 8. Bxg7
Kxg7 9. Bd3 Bb7 10. Qe3 Nbd7 11. O-O c5 12. d5 e6 13. dxe6 fxe6 14. e5 Ng4 15.
Qg5 Ngxe5 16. Qxd8 Nxf3+ 17. gxf3 Raxd8 18. Rfe1 Ne5 19. Rxe5 dxe5 20. Re1 Bxf3
21. Rxe5 c4 22. Be2 Bxe2 23. Rxe2 Kf7 24. Ne4 h6 25. Nc5 Rd6 26. a4 Rc8 27. Ne4
Rd1+ 28. Kg2 bxa4 29. Nc3 Ra1 30. Re5 Rb8 31. Rc5 Rxb2 32. Rxc4 Rxc2 33. Rf4+
Ke7 34. Nxa4 Rb1 35. Rf3 Ra1 36. Nc3 a5 37. Re3 Rd2 38. Re5 a4 39. Ra5 a3 40.
Ra7+ Kd8 41. Ra8+ Kd7 42. Ra7+ Kc8 43. Nb5 Raa2 44. Rf7 Rxf2+ 45. Rxf2 Rxf2+
46. Kxf2 a2 0-1

[Event "Mittelfranken EM 2022"]
[Site "Nuernberg"]
[Date "2022.04.15"]
[Round "3.12"]
[White "Ratushny, Viktor"]
[Black "Schloetterer, Hermann"]
[Result "1-0"]
[WhiteElo "1250"]
[BlackElo "1858"]
[PlyCount "69"]
[EventDate "2022.??.??"]
[WhiteTeam "SW Nuernberg Sued"]
[BlackTeam "Zabo-Eintr Nuernberg"]

1. e4 d5 2. exd5 Qxd5 3. Nc3 Qd6 4. Nf3 Nf6 5. d4 Bf5 6. Be2 e6 7. O-O Be7 8.
Re1 O-O 9. Bg5 c6 10. Bd3 Bg4 11. Ne4 Nxe4 12. Bxe7 Qxe7 13. Bxe4 Nd7 14. c3
Nf6 15. Bc2 Rad8 16. h3 Bh5 17. g4 Bg6 18. Bxg6 hxg6 19. Qc2 Nd5 20. Rad1 Nf4
21. Kh2 Qd6 22. Ne5 f6 23. Nc4 Qc7 24. Qe4 Kf7 25. Kh1 Rh8 26. Re3 Rh4 27. Rdd3
Rdh8 28. Rf3 Nxh3 29. Kg2 Ng5 30. Ne5+ Kg8 31. Qxg6 R8h6 32. Qe8+ Kh7 33. Nd7
Rxg4+ 34. Rg3 Qf4 35. Nf8+ 1-0

[Event "Mittelfranken EM 2022"]
[Site "Nuernberg"]
[Date "2022.04.15"]
[Round "3.13"]
[White "Hahn, Thomas"]
[Black "Cordts, Elof"]
[Result "1-0"]
[WhiteElo "1853"]
[BlackElo "1681"]
[PlyCount "81"]
[EventDate "2022.??.??"]
[WhiteTeam "Zabo-Eintr Nuernberg"]
[BlackTeam "SC Erlangen"]

1. e4 c5 2. Nf3 d6 3. d4 cxd4 4. Nxd4 Nf6 5. Nc3 a6 6. Be2 e5 7. Nb3 Be7 8. Be3
Be6 9. O-O O-O 10. Qd2 Ng4 11. Bxg4 Bxg4 12. Nd5 Nc6 13. Bb6 Qe8 14. Nc7 Qd7
15. Nxa8 Rxa8 16. f3 Be6 17. Rad1 Qc8 18. c3 a5 19. Qc2 a4 20. Nc1 Ra6 21. Qf2
Nb8 22. Be3 Nd7 23. Rd2 Rc6 24. a3 Nc5 25. Bxc5 Rxc5 26. Nd3 Rb5 27. Kh1 Bc4
28. Rfd1 Qe6 29. Nb4 h6 30. Nd5 Bg5 31. Nc7 Qd7 32. Nxb5 Qxb5 33. Rxd6 Bb3 34.
Re1 Qc4 35. Qe2 Qc7 36. Qd3 Bc4 37. Rd7 Qc8 38. Qd6 b5 39. Rd1 Kh7 40. Qxe5 Bb3
41. Qf5+ 1-0

[Event "Mittelfranken EM 2022"]
[Site "Nuernberg"]
[Date "2022.04.15"]
[Round "3.14"]
[White "Albayrak, Aylin"]
[Black "Schalaev, Seryozka"]
[Result "0-1"]
[WhiteElo "1648"]
[BlackElo "1599"]
[PlyCount "72"]
[EventDate "2022.??.??"]
[WhiteTeam "SC NT Nuernberg"]
[BlackTeam "SC JAEKLECHEMIE"]

1. d4 d5 2. c4 c6 3. Nc3 Nf6 4. Nf3 h6 5. Bf4 e6 6. Qc2 Bd6 7. Ne5 Qe7 8. e3
Nbd7 9. Bd3 Bxe5 10. dxe5 Ng4 11. cxd5 exd5 12. e6 fxe6 13. Bg6+ Kf8 14. O-O
Nge5 15. Bh5 Nf7 16. Rad1 e5 17. Bg3 Nf6 18. Bg6 h5 19. Bh4 e4 20. Bxf7 Kxf7
21. a3 Rg8 22. Bg5 Qe5 23. Bf4 Qe6 24. h3 g5 25. Bg3 h4 26. Bh2 g4 27. hxg4
Qxg4 28. g3 Qh3 29. f3 hxg3 30. fxe4 gxh2+ 31. Kh1 Rg1+ 32. Rxg1 hxg1=Q+ 33.
Kxg1 Qg3+ 34. Kh1 Bg4 35. Rd2 Rh8+ 36. Rh2 Bf3+ 0-1

[Event "Mittelfranken EM 2022"]
[Site "Nuernberg"]
[Date "2022.04.15"]
[Round "3.15"]
[White "Dyroff, Roland"]
[Black "Rieber, Rene"]
[Result "0-1"]
[WhiteElo "1802"]
[BlackElo "1858"]
[PlyCount "55"]
[EventDate "2022.??.??"]
[WhiteTeam "SW Nuernberg Sued"]
[BlackTeam "SC Ansbach"]

1. e4 d5 2. exd5 Nf6 3. d4 Nxd5 4. c4 Nb4 5. a3 N4a6 6. b4 c6 7. Bb2 Nc7 8. Nd2
Bf5 9. Ngf3 e6 10. g3 Be7 11. Bg2 h5 12. d5 cxd5 13. Bxg7 Rh7 14. Bb2 Nc6 15.
Qa4 Kf8 16. b5 Nb8 17. Nd4 Bg6 18. Qd1 Nd7 19. cxd5 Nc5 20. O-O Nxd5 21. Bxd5
Qxd5 22. Qf3 Qxf3 23. N4xf3 Bd3 24. Rfc1 Bxb5 25. Ne5 Rd8 26. Bc3 Rd5 27. Rab1
Na4 28. Ndc4 0-1

[Event "Mittelfranken EM 2022"]
[Site "Nuernberg"]
[Date "2022.04.15"]
[Round "3.16"]
[White "Trossmann, Max"]
[Black "Mankus, Siegfried"]
[Result "1-0"]
[WhiteElo "1390"]
[BlackElo "1536"]
[PlyCount "115"]
[EventDate "2022.??.??"]
[WhiteTeam "SC Ansbach"]
[BlackTeam "Zabo-Eintr Nuernberg"]

1. e4 e6 2. Nf3 d5 3. e5 c5 4. b4 cxb4 5. d4 Nc6 6. a3 Bd7 7. axb4 Bxb4+ 8. c3
Be7 9. Na3 a6 10. Bd3 Qc7 11. Bf4 Bxa3 12. Rxa3 h6 13. O-O Nge7 14. Bg3 Na5 15.
Nd2 b5 16. f4 Nc4 17. Bxc4 bxc4 18. f5 Qb6 19. f6 gxf6 20. Rxf6 Qb2 21. Nb1 Rb8
22. Rf1 Nf5 23. Bf2 Ra8 24. Re1 h5 25. Re2 Qb6 26. Qc1 Ke7 27. Rb2 Bb5 28. Qg5+
Ke8 29. Nd2 Qd8 30. Qf4 Rg8 31. h3 Qg5 32. Qxg5 Rxg5 33. Rxb5 axb5 34. Rxa8+
Ke7 35. Nf3 Rg6 36. Nh4 Nxh4 37. Bxh4+ Kd7 38. Ra7+ Kc6 39. Rxf7 b4 40. cxb4 c3
41. Rf3 Kb5 42. Rxc3 Kxb4 43. Rc8 Kb5 44. Kf2 Kb6 45. Kf3 Kb7 46. Rc1 Rg7 47.
g4 hxg4+ 48. hxg4 Rh7 49. Bf6 Rh3+ 50. Kf4 Rd3 51. g5 Rxd4+ 52. Kf3 Rd3+ 53.
Kg4 d4 54. g6 Rd2 55. g7 Rg2+ 56. Kh5 d3 57. Bg5 d2 58. Rd1 1-0